000 00293nam a22001337a 4500
003 SGT
020 _a978-1-398-30015-8
082 _a641.3
_bCOU
100 _aCOUSINS, JOHN
245 _aFOOD AND BEVERAGE SERVICE
260 _aUK
_bHOLDER PUB.
_c2020
300 _a407
942 _2ddc
_cBK
_02
999 _c21036
_d21036